| 000 | 00559nam a2200157 a 4500 | ||
|---|---|---|---|
| 001 | 000047400 | ||
| 005 | 20201002060523.0 | ||
| 008 | 110214s1999 dr 000 0bspa d | ||
| 040 |
_aDO-SdBNP _bspa _cBNPHU |
||
| 082 |
_axxxx _bL735e |
||
| 100 | 1 |
_aLinares, Manuel _953454 |
|
| 245 | 1 | 3 |
_aLa educación superior y los desafios del cambio : _bacerca de las novísimas paradojas prevalecientes en el contexto uasdiano / _cManuel Linares. |
| 260 |
_aSanto Domingo : _bTriunfo, fast printing, _c1999. |
||
| 300 |
_a56 p. ; _c22 cm. |
||
| 590 | _aInventariado, 2018/ YL | ||
| 999 |
_c46888 _d46888 |
||